Logo BPK

Biblioteka

Politechniki Koszalińskiej

The Adventurous Life of Winston Churchill / (Rekord nr 47489)

Szczegóły MARC
000 -ETYKIETA REKORDU
podpole kontrolne o stałej długości 00476nam a2200169 i 4500
001 - NUMER KONTROLNY REKORDU
pole kontrolne bgj
040 ## - ŹRÓDŁO KATALOGOWANIA
Instytucja, która utworzyła rekord BPK
041 0# - KOD JĘZYKA
Kod języka tekstu eng
008 - POLE O STAŁEJ DŁUGOŚCI - DANE KONTROLNE
podpole kontrolne o stałej długości s uk f |000 0 eng
100 1# - NAZWA OSOBOWA
Nazwa osobowa BOCCA, Geoffrey.
245 10 - TYTUŁ/ODPOWIEDZIALNOŚĆ
Tytuł The Adventurous Life of Winston Churchill /
Pozostałe elementy strefy tytułu i oznaczenia odpowiedzialności Geoffrey Bocca.
260 ## - STREFA ADRESU WYDAWNICZEGO
Miejsce wydania New York :
Nazwa wydawcy/dystrybutora Julian Messner, Inc.,
Data publikacji, dystrybucji/powstania dokumentu c. 1958.
300 ## - STREFA OPISU FIZYCZNEGO
Objętość 256 pp :
Inne cechy fizyczne ill. ;
Rozmiary 24 cm.
505 ## - SFORMALIZOWANA UWAGA DOTYCZĄCA ZAWARTOŚCI
Pełny tekst uwagi Includes index.
600 19 - HASŁO PRZEDMIOTOWE W FORMIE NAZWY OSOBOWEJ
Nazwa osobowa Sir |Churchil, Winston, 1874-1965
856 ## - LOKALIZACJA I DOSTĘP DO ELEKTRONICZNYCH DOKUMENTÓW ZDALNYCH
Link (URL) http://koha.tu.koszalin.pl/cgi-bin/koha/opac-detail.pl?biblionumber=47489
Tekst linku Katalog online BPK
942 ## - DODATKOWE ELEMENTY (KOHA)
Typ dokumentu Książka
Egzemplarze
Wycofany Status egzemplarza Uszkodzony Dostępność Lokalizacja stała Lokalizacja bieżąca Miejsce przechowywania Sygnatura Kod kreskowy Typ dokumentu
      Dostępny Biblioteka Politechniki Koszalińskiej Biblioteka Politechniki Koszalińskiej Wypożyczalnia Językowa KA 3849 09086340 Książka
© 2023 Biblioteka Politechniki Koszalińskiej :: KOHA